000
00300nam a22001337a 4500
008
181102b xxu||||| |||| 00| 0 eng d
020
_a
9780134929439
041
_a
eng
080
_2
3rd
_a
701
100
_a
45
101
_a
ART
245
_a
Reality through the Arts
_c
Sporre, D.J
942
_2
udc
_c
BK
999
_c
51651
_d
51651